| Tag |
First Indicator |
Second Indicator |
Subfields |
| LEADER |
00000cam a2200000I 4500 |
| 001 |
in00003538613 |
| 005 |
20151105223832.0 |
| 008 |
740121s1948 fr cf b 000 0 fre c |
| 010 |
|
|
|a a 49000210
|
| 019 |
|
|
|a 1653017
|a 314959389
|
| 035 |
|
|
|a (OCoLC)ocm00779533
|
| 035 |
|
|
|a (OCoLC)779533
|z (OCoLC)1653017
|z (OCoLC)314959389
|
| 040 |
|
|
|a CSU
|b eng
|c CSU
|d DZM
|d OCL
|d OCLCQ
|d MUQ
|d OCLCG
|d CUY
|d CBC
|d UKTTE
|d DEBBG
|d OCLCQ
|d CPA
|d GBVCP
|d OCLCQ
|d OCLCF
|d LTSCA
|d OCLCO
|d TXA
|d UtOrBLW
|
| 049 |
|
|
|a TXAM
|
| 050 |
|
4 |
|a ND553.C33
|b D6 1948
|
| 082 |
0 |
4 |
|a 759.4
|b C 2-5
|
| 084 |
|
|
|a LI 21805
|2 rvk
|
| 100 |
1 |
|
|a Dorival, Bernard.
|
| 245 |
1 |
0 |
|a Cézanne.
|
| 264 |
|
1 |
|a [Paris] :
|b P. Tisné,
|c [1948]
|
| 300 |
|
|
|a 202 pages :
|b plates (some color) portraits ;
|c 26 cm.
|
| 336 |
|
|
|a text
|b txt
|2 rdacontent
|
| 337 |
|
|
|a unmediated
|b n
|2 rdamedia
|
| 338 |
|
|
|a volume
|b nc
|2 rdacarrier
|
| 490 |
1 |
|
|a Collection Prométhée
|
| 504 |
|
|
|a Bibliographies: pages 189-196.
|
| 600 |
1 |
0 |
|a Cézanne, Paul,
|d 1839-1906.
|
| 600 |
1 |
6 |
|a Cézanne, Paul,
|d 1839-1906.
|
| 600 |
1 |
7 |
|a Cézanne, Paul.
|2 swd
|
| 600 |
1 |
7 |
|a Cézanne, Paul,
|d 1839-1906.
|0 (DE-588)118519964
|2 gnd
|
| 600 |
1 |
7 |
|a Cézanne, Paul,
|d 1839-1906.
|2 fast
|0 (OCoLC)fst00035623
|
| 653 |
|
0 |
|a Cézanne, Paul
|
| 700 |
1 |
|
|a Cézanne, Paul,
|d 1839-1906.
|
| 776 |
0 |
8 |
|i Online version:
|a Dorival, Bernard.
|t Cézanne.
|d [Paris] P. Tisné [1948]
|w (OCoLC)560482101
|
| 830 |
|
0 |
|a Collection Prométhée.
|
| 994 |
|
|
|a C0
|b TXA
|
| 948 |
|
|
|a cataloged
|b h
|c 2015/7/8
|d c
|e nbehmer
|f 10:06:35 am
|
| 999 |
|
|
|a MARS
|
| 999 |
f |
f |
|s 25495760-449d-30e7-906e-c8593964c9c4
|i be1183b0-a126-3772-896e-46be4537a39c
|t 0
|
| 952 |
f |
f |
|p noncirc
|a Texas A&M University
|b College Station
|c Sterling C. Evans Library
|d Bodrum (located in Turkey)
|t 0
|e ND553.C33 D6 1948
|h Library of Congress classification
|i unmediated -- volume
|
| 998 |
f |
f |
|a ND553.C33 D6 1948
|t 0
|l Bodrum (located in Turkey)
|